Begum Samru of Sardhana / (Record no. 179772)

MARC details
000 -LEADER
fixed length control field 00605nam a22001937a 4500
005 - DATE AND TIME OF LATEST TRANSACTION
control field 20210708103432.0
010 ## - LCCN (DPL NO)
LC control number B-740590
020 ## - INTERNATIONAL STANDARD BOOK NUMBER
International Standard Book Number 9788126029860
Terms of availability 175.00
035 ## - SYSTEM CONTROL NUMBER
System control number B-740590
037 ## - SOURCE OF ACQUISITION
Source of stock number/acquisition Gift
082 ## - DEWEY DECIMAL CLASSIFICATION NUMBER
Classification number N
100 ## - MAIN ENTRY--PERSONAL NAME
Personal name Larneuil, Michel
245 ## - TITLE STATEMENT
Title Begum Samru of Sardhana /
Statement of responsibility, etc by Michel Larneuil ; translated by Ranjit Sinha
260 ## - PUBLICATION, DISTRIBUTION, ETC. (IMPRINT)
Name of publisher, distributor, etc Sahitya Akademi
Date of publication, distribution, etc 2011
Place of publication, distribution, etc New Delhi
270 ## - ADDRESS
Address Rabindra Bhavan, 35, Ferozshah Road
City New Delhi
Postal code 110001
300 ## - PHYSICAL DESCRIPTION
Extent 305p.
Dimensions 22cm(pbk)
942 ## - ADDED ENTRY ELEMENTS (KOHA)
Source of classification or shelving scheme Dewey Decimal Classification
Item type English Books
Call number suffix LAR
Classification part N
Holdings
Withdrawn status Lost status Not for loan Collection code Home library Current library Date acquired Source of acquisition Cost, normal purchase price Full call number Barcode Copy number Cost, replacement price Koha item type Public note
      Fiction Central Library Central Library 08/07/2021 Gift/Eng/07-07-2021 175.00 N LAR B-740590 1 175.00 English Books Gift

© Delhi Public Library
Hit Counter
free hit counter